000 00429nam a2200181Ia 4500
008 221030s9999 xx 000 0 und d
020 _a007015385X
041 _aEnglish
082 _a105.23
100 _aW. H. Hayt
245 0 _aEngineering Circuit Analysis
_cby W. H. Hayt, J. E. Kemmerly
250 _a7th
260 _bTMH
_aNew Delhi
_c2011
300 _a738
650 _aEE
700 _aJ. E. Kemmerly
942 _cBK
999 _c9934
_d9934